Usah langgar peraturan : safer roads leads to safer school

Bibliographic Details
Main Author: Zabrri Hazry
Other Authors: Veedra
Format: Book
Published: Selangor : Pustaka Nurani , 2020
Series:Siri dwibahasa wadah genius
Subjects:

MARC

LEADER 00000cam a2200000 7i4500
001 0000278661
005 20210121093754.0
020 |a 9789670945811 
090 0 0 |a JF   |b ZAB 
100 0 |a Zabrri Hazry 
245 1 0 |a Usah langgar peraturan :   |b safer roads leads to safer school   |c Zabrri Hazry 
260 |a Selangor :   |b Pustaka Nurani ,   |c 2020 
300 |a 30p. :   |b ill.,col. ;   |c 26cm. 
490 0 |a Siri dwibahasa wadah genius 
650 0 |a Children's stories, Malay 
700 0 |a Veedra 
999 |a 00384684   |b BUKU   |c PINJAMAN   |e PERPUSTAKAAN KOMUNITI PETALING JAYA